000 00896nac a22002897a 4500
001 BR0703478
003 BR-BrBNA
005 20240105123427.0
008 230509b bl.|||m| |||| 00| 0 por d
040 _aBR-BrBNA
_bpor
_cBiblioteca Nacional de Agricultura
072 _aF30; L10; B50
090 _aF30 BR0703478
100 1 _aArias, G.
110 1 _aEMBRAPA Trigo, Passo Fundo, RS (Brasil)
_93754
245 1 _aEm 1953 foi descoberta a estrutura do DNA; Etapas de um grande avanço científico
260 3 _aPasso Fundo, RS (Brasil):
_c2004.
300 _a58 p.
490 _aDocumentos - EMBRAPA Trigo (Brazil)
_vno. 56
_xISSN 1516-5582
500 _a15 ref.
650 _aDNA
650 _aGENÉTICA ANIMAL
650 _aGENÉTICA VEGETAL
650 _aGENÉTICA MOLECULAR
650 _aHISTÓRIA
909 _a202312
_bLúcia Elande
_c55
_dLúcia Elande
942 _2AGRIS
_n0
_cMS
999 _c295395
_d295395